Les arrêts de la Ligne 3 de Toulouse - Statistiques

Statistiques générales
  • Ce quiz a été pris 15 fois
  • Le résultat moyen est 10 sur 28
Statistiques - réponses
quartier/commune arrêt % Correct
Arènes Arènes
80%
La Cépière hippodrome
70%
Plaisance-du-Touch Plaisance Monestié
70%
Tournefeuille Tournefeuille Lycée
60%
La Cépière Brombach
50%
Plaisance-du-Touch Eglise Plaisance
50%
Lardenne Lardenne
50%
La Cépière Pont Rocade
50%
Tournefeuille Jean Gay
40%
Plaisance-du-Touch Loti
40%
La Cépière Négogousses
40%
Lardenne Tissié
40%
Tournefeuille Tournefeuille Les Chênes
40%
Tournefeuille Bordeneuve
30%
Tournefeuille Collège Labitrie
30%
Lardenne Eglise Lardenne
30%
Tournefeuille Montjoie
30%
Plaisance-du-Touch Prat Dessus
30%
Plaisance-du-Touch Rivière basse
30%
Tournefeuille Saint-Pierre
30%
Tournefeuille Alpilles
20%
Lardenne Centre Aéré
20%
Tournefeuille Centre Commercial Tournefeuille
20%
Tournefeuille Montagné
20%
Tournefeuille Montel
20%
Tournefeuille Périgord
20%
Tournefeuille Saint-Exupéry
20%
Tournefeuille Briquerie
0%
Aucun quiz correspondant
Distribution des résultats
% des personnes avec chaque résultat
Percentile par nombre de réponses
Votre historique - résultats
Vous n’avez pas pris ce quiz